États américains avec la plus grande population amérindienne - Statistiques

Statistiques générales
  • Ce quiz a été pris 183 fois
  • Le résultat moyen est 6 sur 10
Statistiques - réponses
Population État % Correct
170,972 Texas
92%
362,801 Californie
88%
103,869 Washington
69%
193,222 Nouveau-Mexique
68%
296,529 Arizona
67%
71,817 Dakota du Sud
65%
106,906 New York
51%
321,687 Oklahoma
49%
104,871 Alaska
41%
122,110 Caroline du Nord
25%
Aucun quiz correspondant
Distribution des résultats
% des personnes avec chaque résultat
Percentile par nombre de réponses
Votre historique - résultats
Vous n’avez pas pris ce quiz